000 00747cam1a220020500 4500
001 qce01760835
005 20190819085653.0
008 750618s1934 nyu 000 0 eng u
035 _a(Sirsi) r85201
035 _a(QCAT)lss00868102
035 _a(UPRA)qce01760835
040 _dUPRA
100 1 _aSmith, Paul Jordan, 1885-
_dSmith, Paul Jordan, 1885-
_6A44757.1
245 1 2 _aA key to the Ulysses of James Joyce /
_cby Paul Jordan Smith.
260 _aNew York :
_bCovici, Friede,
_c[1934, c1927]
500 _aFirst published in 1927.
600 1 0 _aJoyce, James, 1882-1941. Ulysses.
_dJoyce, James, 1882-1941. Ulysses.
_tJoyce, James, 1882-1941. Ulysses.
_6S29414.2
949 _aPR6019.O9
_wlcc
_i-118406
_mMAIN
_tBOOK
_lON-SHELF
004 85201
999 _c95283
_d95283